02278 a2200277 4500003000500000005001700005010001600022020001700038020002400055040000900079082001600088245030700104260004400411300002600455440007900481505097900560650005801539650006101597700002901658700003401687710006501721710004601786942002501832999001901857952012401876NUST20221213182337.0 a 82001983 a0865313601 : a086531361X (pbk.) : cNust00a303.483,SCI00aScience, technology, and the issues of the eighties :bpolicy outlook : a report prepared for the National Science Foundation in support of the second Five year outlook for science and technology /cedited by Albert H. Teich and Ray Thornton for the American Association for the Advancement of Science. aBoulder, Colo :bWestview Press,c1982. axiv, 290 p. ;c23 cm. 0aWestview special studies in science, technology, and public policy91048010 aApplying science and technology to public purposes / Richard A. Rettig (Page-7),The institutional climate for innovation in industry / William J. Abernathy and Richard S. Rosenbloom (Page-27).Decision making with modern information and communications technology / Donald J. Hillman (Page-55),Relations of science, government, and industry / Charles Weiner (Pge-71),Choosing our pleasures and our poisons / William W. Lowrance (PAge-99),Science, technology, and international security / Eugene B. Skolnikoff (Page-133),U.S. policy towards scientific and technological development in the developing countries / Charles Weiss, Jr.(Page-159),U.S. agriculture in the context of the world food situation / Sylvan H. Wittwer(Page-191),Trends and prospects in world population / Michael Teitelbaum (Page-215),International security implications of materials and energy resource depletion / William A. Vogely (Page-233),Science and national defense / Kenneth E. Boulding (Page 253). 0aScience and statezUnited StatesxCongresses.9104802 0aTechnology and statezUnited StatesxCongresses.91048031 aTeich, Albert H.91048041 aThornton, Ray,d1928-91048052 aAmerican Association for the Advancement of Science.91036672 aNational Science Foundation (U.S.)919656 2ddccBKk303.483,SCI c184811d184811 00102ddc4070aMCSbMCScGENd2016-12-12o303.483,SCIpMCS3328r2016-12-08w2016-12-12yBKzAlmirah No.49, Shelf No.1